000 01763cam a2200337 a 4500
999 _c1387
_d1387
001 15096694
003 OSt
005 20210627113639.0
008 071129s2009 nyua b 001 0 eng
010 _a 2007942372
020 _a9781428318199
020 _a1428318194
040 _aDLC
_cDLC
_dDLC
043 _an-us---
050 0 0 _aHQ778.6
_b.C55 2009
100 1 _aClick, Phyllis.
245 1 0 _aCaring for school-age children /
_cPhyllis M. Click, Jennifer Parker.
250 _a5th ed.
260 _aClifton Park, NY :
_bDelmar Cengage Learning,
_cc2009.
300 _axxiii, 439 p. :
_bill. ;
_c24 cm.
504 _aIncludes bibliographical references and index.
505 0 _aThe people in child care -- The children -- Families: where children are nurtured -- How children grow and develop -- Development in middle childhood: cognitive -- Development in middle childhood: psychosocial -- Helping children develop social competence -- Program planning -- Creating an environment -- Games and other fun things to do -- Imagination and the arts -- Science and math -- Planning for the future -- Getting fit, staying fit -- Using community resources -- Quality and standards.
650 0 _aSchool-age child care
_zUnited States.
700 1 _aParker, Jennifer
_q(Lynch Parker)
856 4 2 _3Contributor biographical information
_uhttp://www.loc.gov/catdir/enhancements/fy1104/2007942372-b.html
856 4 2 _3Publisher description
_uhttp://www.loc.gov/catdir/enhancements/fy1104/2007942372-d.html
856 4 1 _3Table of contents only
_uhttp://www.loc.gov/catdir/enhancements/fy1104/2007942372-t.html
906 _a7
_bcbc
_corigcop
_d3
_eepcn
_f20
_gy-gencatlg
942 _2lcc
_cBK
_nMM